| 000 | 00723nam a2200205Ia 4500 | ||
|---|---|---|---|
| 003 | GCL | ||
| 008 | 140319s9999 xx 000 0 ara d | ||
| 020 | _a7098843052 | ||
| 040 |
_aGCL / _cGCL |
||
| 082 | 0 | 4 |
_a863.01 _bم ح |
| 100 | 1 | _aماركيز ، جابرييل جارسيا | |
| 245 | 1 | 0 |
_aالحب فى زمن الكوليرا / _cماركيز ، جابرييل جارسيا |
| 260 |
_aسوريا : _bدار المدى للثقافة والنشر ، _c1998 |
||
| 300 |
_a445 ص ؛ _c24 سم |
||
| 490 |
_aمكتبة نوبل _v0 |
||
| 650 | 0 | 4 | _aالادب الكولومبى المترجم |
| 650 | 0 | 4 | _aالقصص الكولومبية |
| 650 | 0 | 4 | _aماركيز، جابريل جارسيا |
| 942 |
_2ddc _cBK |
||
| 999 |
_c45814 _d45814 |
||